000 00262nam a22001217a 4500
008 180921b xxu||||| |||| 00| 0 eng d
041 _aeng
080 _a610
100 _a3
101 _aSHM
245 _aAging and Rehabiliton II
_cBrody,S,J
942 _2udc
_cBK
999 _c48187
_d48187